Eléments chimique grâce aux acronymes #2 - Statistiques

Statistiques générales
  • Ce quiz a été pris 53 fois
  • Le résultat moyen est 13 sur 29
Statistiques - réponses
Acronymes Réponses % Correct
C Carbone
96%
He Hélium
92%
Zn Zinc
92%
Xe Xénon
88%
Na Sodium
81%
P Phosphore
73%
Mn Manganèse
69%
Cr Chrome
60%
Ir Iridium
52%
W Tungstène
52%
Po Polonium
50%
Ge Germanium
46%
Eu Europium
40%
Sr Strontium
38%
As Arsenic
33%
Rh Rhodium
33%
Ac Actinium
29%
Np Neptunium
27%
Fm Fermium
23%
La Lanthane
23%
Te Tellure
23%
Tl Thallium
23%
Ce Cérium
21%
Sm Samarium
21%
Hf Hafnium
19%
No Nobélium
19%
Hs Hassium
17%
Ds Darmstadtium
15%
Lv Livermonium
2%
Aucun quiz correspondant
Distribution des résultats
% des personnes avec chaque résultat
Percentile par nombre de réponses
Votre historique - résultats
Vous n’avez pas pris ce quiz